000 00516nam a2200157 a 4500
005 20140412111259.0
008 001220s19uu xx 00 eng d
020 _a971-121-029-0
050 _aFil E
_bHi58 1980
100 _aAlonzo, Roberto
245 _aSi Hinlalaki :
_bpag kasama, lagin okey /
_cistorya ni Roberto Alonzo ; guhit Ricardo Leynes.
260 _aMetro Manil, Phil :
_bChildren's Communication Center,
_c1980.
300 _a1 v. (unp.) ; ill.
650 _aThum finger - Filipino
999 _c103300
_d103300